Ekstraklasa clubs 24/25 - Statistics

General Stats
  • This quiz has been taken 130 times
  • The average score is 14 of 18
Answer Stats
Hint Answer % Correct
7 Lech Poznań
96%
8 Legia Warszawa
96%
6 Lechia Gdańsk
89%
5 Jagiellonia Białystok
86%
1 Cracovia
83%
11 Pogoń Szczecin
81%
3 Górnik Zabrze
80%
16 Śląsk Wrocław
80%
14 Raków Częstochowa
79%
9 Motor Lublin
74%
2 GKS Katowice
71%
4 Korona Kielce
71%
17 Widzew Łódź
71%
18 Zagłebie Lubin
71%
15 Stal Mielec
65%
10 Piast Gliwice
64%
12 Puszcza Niepołomice
58%
13 Radomiak Radom
55%
No matching quizzes found
Score Distribution
Percent of People with Each Score
Percentile by Number Answered
Your Score History
You have not taken this quiz